000 00719nam a2200265Ia 4500
003 OSt
005 20220918190602.0
006 a|||||r|||| 00| 0
007 ta
008 220917b |||||||| |||| 00| 0 eng d
024 _a57,967
037 _cTextual
040 _aARTS
_cARTS
_beng
041 _2eng
_aeng
082 _aQ1:224, L3
100 _aRajagopalachari C
_949943
245 0 _aUpanishads
250 _a3rd
260 _aBombay
_bBharatiya Vidya Bhavan
_c1973
300 _axi,67p.
_ccm.
490 _aBhavan's Book university ed by R R Diwakar and S Ramakrishnan; 192
650 _aRELIGION
942 _hQ1:224, L3
_cTEXL
_2CC
999 _c186001
_d186001